Logo BPK

Biblioteka

Politechniki Koszalińskiej

The Mathematica programmer II / (Rekord nr 36176)

Szczegóły MARC
000 -ETYKIETA REKORDU
podpole kontrolne o stałej długości 00571nam a2200205 i 4500
001 - NUMER KONTROLNY REKORDU
pole kontrolne bg
020 ## - MIĘDZYNARODOWY ZNORMALIZOWANY NUMER KSIĄŻKI - ISBN
ISBN 0124649920
040 ## - ŹRÓDŁO KATALOGOWANIA
Instytucja, która utworzyła rekord BPK
041 0# - KOD JĘZYKA
Kod języka tekstu en
080 ## - UNIWERSALNA KLASYFIKACJA DZIESIĘTNA - UKD
UKD 004.42::51
920 ## - Międzynarodowy znormalizowany numer książki – ISBN
ISBN 0-12-464992-0
008 - POLE O STAŁEJ DŁUGOŚCI - DANE KONTROLNE
podpole kontrolne o stałej długości s pl f |000 0 pol
100 1# - NAZWA OSOBOWA
Nazwa osobowa MAEDER, Roman
245 10 - TYTUŁ/ODPOWIEDZIALNOŚĆ
Tytuł The Mathematica programmer II /
Pozostałe elementy strefy tytułu i oznaczenia odpowiedzialności Roman E. Maeder.
260 ## - STREFA ADRESU WYDAWNICZEGO
Miejsce wydania San Diego [etc.] :
Nazwa wydawcy/dystrybutora Academic Press,
Data publikacji, dystrybucji/powstania dokumentu 1996.
300 ## - STREFA OPISU FIZYCZNEGO
Objętość XVII, 296 s., [14] s. tabl. kolor. :
Inne cechy fizyczne rys., wykr. ;
Rozmiary 24 cm +
Dokument towarzyszący CD ROM.
504 ## - UWAGA DOTYCZĄCA BIBLIOGRAFII
Informacje o bibliografii Bibliogr. s.281-283.
650 #9 - HASŁO PRZEDMIOTOWE W FORMIE NAZWY OGÓLNEJ LUB JEDNOSTKOWEJ
Nazwa ogólna lub geograficzna Mathematica
856 ## - LOKALIZACJA I DOSTĘP DO ELEKTRONICZNYCH DOKUMENTÓW ZDALNYCH
Link (URL) http://koha.tu.koszalin.pl/cgi-bin/koha/opac-detail.pl?biblionumber=36176
Tekst linku Katalog online BPK
942 ## - DODATKOWE ELEMENTY (KOHA)
Typ dokumentu Książka
Egzemplarze
Wycofany Status egzemplarza Uszkodzony Dostępność Lokalizacja stała Lokalizacja bieżąca Miejsce przechowywania Sygnatura Kod kreskowy Typ dokumentu
      Dostępny Biblioteka Politechniki Koszalińskiej Biblioteka Politechniki Koszalińskiej Wypożyczalnia BG 49866 01434330 Książka
© 2023 Biblioteka Politechniki Koszalińskiej :: KOHA